| 000 | 03215nam a22006257a 4500 | ||
|---|---|---|---|
| 003 | CHAP | ||
| 005 | 20220329141144.0 | ||
| 008 | 971010s1963 r 00010 d | ||
| 010 | _a63528 | ||
| 011 | _a64500 | ||
| 035 | _a69855 | ||
| 040 | _cCHAP | ||
| 082 |
_a581.9725 _bR45 1963 |
||
| 100 | 0 | 0 |
_aReiche C., Carlos. _995725 |
| 245 | _aFlora excursoria en el Valle Central de México | ||
| 260 |
_aMéxico, D. F. : _bIPN, _c1963 |
||
| 300 | _a303 p | ||
| 500 | _aReproducción fascimilar de la ed. 1926. | ||
| 590 |
_aBATCH-UPD _b10 _c20130110 _lUCH01 _h0100 |
||
| 590 |
_aBATCH-UPD _b10 _c20130110 _lUCH01 _h2042 |
||
| 590 |
_aBATCH-UPD _b10 _c20130409 _lUCH01 _h2049 |
||
| 590 |
_aBATCH-UPD _b10 _c20130410 _lUCH01 _h1356 |
||
| 590 |
_aBATCH-UPD _b10 _c20130914 _lUCH01 _h0735 |
||
| 590 |
_aCONVERSION _b10 _c20130109 _lUCH01 _h1334 |
||
| 650 | 1 | 4 |
_aBotánica _xMéxico (Edo.) _914593 |
| 650 | 1 | 4 |
_aBotánica _xValle de México. _914631 |
| 650 | 1 | 4 |
_aFanerógamas. _939416 |
| 901 | _aBK | ||
| 942 | _cLIBRO | ||
| 949 |
_a581.9725 R45 1963 _bBC _cLIBRO _d-149850 _eLIBRO _fc.10 _h9703 _i69855 _si |
||
| 949 |
_a581.9725 R45 1963 _bBC _cLIBRO _d-149853 _eLIBRO _fc.13 _h9705 _i69855 _si |
||
| 949 |
_a581.9725 R45 1963 _bBC _cLIBRO _d-149855 _eLIBRO _fc.15 _h9707 _i69855 _si |
||
| 949 |
_a581.9725 R45 1963 _bBC _cLIBRO _d-149857 _eLIBRO _fc.18 _h9708 _i69855 _si |
||
| 949 |
_a581.9725 R45 1963 _bBC _cLIBRO _d33724000355905 _eLIBRO _fc.5 _h33789 _i69855 _si |
||
| 949 |
_a581.9725 R45 1963 _bBC _cLIBRO _d33724000355954 _eLIBRO _fc.24 _i69855 _si |
||
| 949 |
_a581.9725 R45 1963 _bBC _cLIBRO _d33724000355962 _eLIBRO _h9695 _i69855 _si |
||
| 949 |
_a581.9725 R45 1963 _bBC _cLIBRO _d33724000355988 _eLIBRO _fc.14 _h9706 rep. _i69855 _si |
||
| 949 |
_a581.9725 R45 1963 _bBC _cLIBRO _d33724000355996 _eLIBRO _fc.9 _h9702 _i69855 _si |
||
| 949 |
_a581.9725 R45 1963 _bBC _cLIBRO _d33724000356036 _eLIBRO _fc.8 _h9701 _i69855 _si |
||
| 949 |
_a581.9725 R45 1963 _bBC _cLIBRO _d33724000579504 _eLIBRO _fc.21 _h44841 _i69855 _si |
||
| 949 |
_a581.9725 R45 1963 _bBC _cLIBRO _d33724000579645 _eLIBRO _fc.7 _h9700 _i69855 _si |
||
| 949 |
_a581.9725 R45 1963 _bBC _cLIBRO _d33724000720959 _eLIBRO _fc.16 _h27261 _i69855 _si |
||
| 949 |
_a581.9725 R45 1963 _bBC _cLIBRO _d33724000821377 _eLIBRO _fc.12 _h9704 _i69855 _si |
||
| 949 |
_a581.9725 R45 1963 _bBC _cLIBRO _d33724000828836 _eLIBRO _fc.25 _h92953 _i69855 _kDonaciØn _si |
||
| 949 |
_a581.9725 R45 1963 _bBC _cLIBRO _d33724000829370 _eLIBRO _fc.23 _h44843 _i69855 _si |
||
| 949 |
_a581.9725 R45 1963 _bBC _cLIBRO _d33724000903704 _eLIBRO _fc.3 _h9697 _i69855 _si |
||
| 949 |
_a581.9725 R45 1963 _bBC _cLIBRO _d33724000913992 _eLIBRO _fc.2 _h9696 _i69855 _si |
||
| 949 |
_a581.9725 R45 1963 _bBC _cLIBRO _d33724000929089 _eLIBRO _fc.22 _h44842 _i69855 _si |
||
| 949 |
_a581.9725 R45 1963 _bBC _cLIBRO _d33724000936738 _eLIBRO _fc.17 _i69855 _si |
||
| 949 |
_a581.9725 R45 1963 _bBC _cLIBRO _d33724000976494 _eLIBRO _fc.19 _gReposiciØn _h9709 _i69855 _si |
||
| 949 |
_a581.9725 R45 1963 _bBC _cLIBRO _d33724002021611 _eLIBRO _fc.4 _h9698 _i69855 _si |
||
| 949 |
_a581.9725 R45 1963 _bBC _cLIBRO _d33724002205446 _eLIBRO _fc.20 _h44839 _i69855 _si |
||
| 949 |
_a581.9725 R45 1963 _bBC _cMUT _d-149846 _eMUT _fc.6 _h9699 _i69855 _si |
||
| 949 |
_a581.9725 R45 1963 _bBC _cMUT _d-149851 _eMUT _fc.11 _h44838 _i69855 _si |
||
| 999 |
_c63528 _d63528 |
||